Notas Prt̀icas ao Cd̤igo da Insolvãencia

Bibliographic Details
Format: Unknown
Language:English
Published: Portugal : Almeida & Leitó, 2007
Subjects:
Online Access:Acceso restringido

MARC

LEADER 00000ny a22000003n 4500
005 20110622144641.0
008 091223s2007 po 000 0 eng d
020 |a 9789727491322 
035 |a 1870 
040 |a BUS  |d vLex 
090 |c 1021  |d 1021 
245 0 0 |a Notas Prt̀icas ao Cd̤igo da Insolvãencia  |h [Recurso electrn̤ico] 
256 |a Servicio en ln̕ea 
260 |a Portugal :  |b Almeida & Leitó,  |c 2007 
506 1 |a Contenido solo disponible en los productos indicados  |d vLex Global  |d vLex Global (Academic Edition, excluding Law Schools)  |d vLex Global (U.S. Academic Edition, Law Schools)  |d vLex Global (U.S. Academic Edition, excluding Law Schools)  |d vLex Global (Academic Edition, Law Schools) 
650 0 4 |a Quiebra  |x Derecho  |z Portugal 
740 0 |a vLex Libros (Servicios en ln̕ea) 
856 4 0 |u http://vlex.com/source/1870  |z Acceso restringido 
942 |c BOOK